Deutsch voc 7 französich-deustch - Statistiques

Statistiques générales
  • Ce quiz a été pris 29 fois
    26 depuis la dernière actualisation
  • Le résultat moyen est 39 sur 79
Statistiques - réponses
Français Allemand % Correct
le mal du pays das Heimweh
67%
l'objectif de vie das Lebensziel
67%
le profil das Profil
67%
le préjugé das Vorurteil
67%
le compagnon der Lebensgefährte
67%
célibataire der Single
67%
la pension alimentaire der Unterhalt
67%
l'annonce de rencontre die Kontaktanzeige
67%
le mode de vie die Lebensart
67%
la mentalité die Mentalität
67%
l'agence matrimoniale die Partnervermittlung
67%
famille recomposée die Patchworkfamilie
67%
la plateforme die Plattform
67%
le taux de divorce die Scheidungsrate
67%
le moteur de recherche die Suchmaschine
67%
le groupe cible die Zielgruppe
67%
jaloux / jalouse eifersüchtig
67%
vivre, faire l'expérience de erleben
67%
fascinant faszinierend
67%
sans limites grenzenlos
67%
ironique ironisch
67%
sans enfants kinderlos
67%
charmant leiblich
67%
rattraper nachholen
67%
en ligne online
67%
aller avec passen zu
67%
se passer passieren
67%
déranger plagen
67%
accepter les remarques sich etw. sagen lassen
67%
divorcer sich scheiden lassen
67%
impersonnel unpersönlich
67%
surmonter verkraften
67%
manquer (à quelqu'un) vermissen
67%
qui peut être mis en relation vermittelbar
67%
rater verpassen
67%
veuf / veuve verwitwet
67%
se briser zerbrechen
67%
vivre seul(e) alleinlebend
50%
s'adresser à / aborder ansprechen
50%
exploser, être en plein essor boomen
50%
la différence d'âge der Altersunterschied
50%
le service der Dienst
50%
la garderie der Hort
50%
le choix die Auswahl
50%
la relation à distance die Fernbeziehung
50%
le grand amour die große Liebe
50%
le site de rencontres payant die Kontaktbörse
50%
la compagne die Lebensgefährtin
50%
mail de masse die Massenmail
50%
flexible flexibel
50%
soumis à des frais gebührenpflichtig
50%
payant kostenpflichtig
50%
mon grand amour meine große Liebe
50%
timide schüchtern
50%
se décider à sich entschließen zu
50%
s'habituer à sich gewöhnen an
50%
élever seul(e) un enfant alleinerziehend
33%
un abonnement das Abonnement
33%
le fournisseur der Anbieter
33%
échange de mails der Mailwechsel
33%
la déception die Enttäuschung
33%
le jeu de mots die Wortspielerei
33%
enthousiaste begeisterungsfähig
17%
la fin heureuse das Happy End
17%
le harcèlement die Belästigung
17%
la recommandation die Empfehlung
17%
se désabonner ein Abonnement abbestellen
17%
ne plus pouvoir lâcher un livre ein Buch nicht mehr weglegen können
17%
fonder une famille eine Familie gründen
17%
être agacé(e), énervé(e) genervt sein
17%
défier, exiger herausfordernd
17%
en moyenne im Durchschnitt
17%
par erreur irrtümlich
17%
ennuyeux, trop long langatmig
17%
qui vaut la peine d'être lu lesenswert
17%
faire des projets Pläne schmieden
17%
vif d'esprit, avoir de la répartie schlagfertig
17%
se rapprocher sich näherkommen
17%
être accro à süchtig sein nach
17%
Aucun quiz correspondant
Distribution des résultats
% des personnes avec chaque résultat
Percentile par nombre de réponses
Votre historique - résultats
Vous n’avez pas pris ce quiz depuis la dernière actualisation